000
002470000a22000850004500
245
1
0
_a
Escrituras para todas las escuelas de sordos de Bogotá
300
_a
Vol. 58, Núm 264 (2003), Páginas 14-15
773
0
_t
La Biblia de las Américas
942
_c
ANA
999
_c
51745
_d
51745